| 000 | 00796nam a2200229 a 4500 | ||
|---|---|---|---|
| 001 | 48866 | ||
| 003 | BD-RjUL | ||
| 005 | 20211209054610.0 | ||
| 008 | 160816s1983 bg |||| ||| 000 0 ben d | ||
| 020 | _c: Tk. 100.00 | ||
| 035 | _a(BD-RjUL)48985 | ||
| 040 |
_aBD-RjUL _bben _cBD-RjUL _dBD-RjUL |
||
| 041 | _aben | ||
| 082 |
_223 _a891.441 _bDIK 1983 |
||
| 100 | 1 |
_aদিশারী, শামসুল হক _9147260 |
|
| 245 | 1 | 0 |
_aকান্না চেপে হাসছে স্বদেশ / _cশামসুল হক দিশারী |
| 260 |
_aচট্টগ্রাম : _bঅনুপমা, _c১৯৮৩ |
||
| 300 |
_a৪৮ পৃ. ; _c২১ সেমি. |
||
| 650 |
_aবাংলাকবিতা _9147261 |
||
| 650 |
_aBengali poetry _9147262 |
||
| 942 |
_2ddc _cBK |
||
| 999 |
_c48866 _d48866 |
||